Statistics for Least Populous National Capitals

Click here to take the quiz!

General Stats

  • This quiz has been taken 45 times
  • The average score is 7 of 10

Answer Stats

Continent% of total populationPopulationCapital% Correct
Europe14.21%5,248Vaduz
85%
Oceania10.91%1,100Yaren
82%
N. America24.07%13,043Basseterre
72%
N. America7.08%7,500St. George's
72%
Oceania45.48%4,492Funafuti
69%
Europe1.45%6,444Valletta
69%
N. America20.62%14,847Roseau
64%
Oceania9.56%9,900Palikir
62%
Oceania1.87%391Ngerulmud
59%
N. America4.96%16,451Belmopan
56%

Score Distribution

Percentile by Number Answered

Percent of People with Each Score

Your Score History

You have not taken this quiz